| 000 | 00439cam a2200169ua 4500 | ||
|---|---|---|---|
| 020 | _c3.50 | ||
| 041 |
_amal _h |
||
| 082 |
_a894.81209 _bABD/PR |
||
| 100 | _aAbdul Khader, Vakkom. | ||
| 245 |
_aPrathibhasalikal / _cVakkom Abdul Khader. _hTextual Documents |
||
| 260 |
_aKottayam : _bSahitya Pravarthaka Co-operative Society , _c1964. |
||
| 300 | _a311 ; . | ||
| 365 | _a3.50 | ||
| 504 | _a | ||
| 942 | _cBK | ||
| 999 |
_c6539 _d6539 |
||